War to Decade - Statistics

General Stats
  • This quiz has been taken 20 times
  • The average score is 15 of 20
Answer Stats
Hint Explanation Answer % Correct
War of 1812 1812-1815 1810s
100%
World War I 1914-1918 1910s
100%
World War II 1939-1945 1940s
100%
Korean War 1950-1953 1950s
100%
Vietnam War 1955-1975 1960s
100%
American Revolution 1775-1783 1770s
94%
French Revolution 1789-1799 1790s
94%
American Civil War 1861-1865 1860s
94%
Soviet-Afghan War 1979-1989 1980s
88%
Norman Conquest 1066-1071 1060s
82%
English Civil War 1642-1651 1640s
76%
Russo-Japanese War 1904-1905 1900s
71%
Roman Civil War 49-45 BC 40s BC
71%
Pelopennesian War 431-404 BC 410s BC
65%
Napoleonic Wars 1803-1815 1800s
59%
Second Punic War 218-201 BC 200s BC
59%
War of the Roses 1455-1485 1470s
53%
Spanish-American War 1898 1890s
47%
Great Northern War 1700-1721 1710s
41%
Crimean War 1853-1856 1850s
41%
No matching quizzes found
Score Distribution
Percent of People with Each Score
Percentile by Number Answered
Your Score History
You have not taken this quiz